[Event "19. Open de Sants Hostafrancs 2017"]
[Site "Barcelona ESP"]
[Date "2017.08.22"]
[Round "5.32"]
[White "Pfreundt, Jakob"]
[Black "Solano Cuya, Bryan"]
[Result "1-0"]
[WhiteElo "2388"]
[BlackElo "2228"]
[PlyCount "95"]
[EventDate "2017.08.18"]
[EventType "swiss"]
[EventRounds "10"]
[EventCountry "ESP"]
[SourceTitle "Ajedrez en Madrid"]
[Source "lmi"]
[SourceDate "2017.08.18"]

1. Nf3 d5 2. d4 Nf6 3. c4 dxc4 4. e3 Bg4 5. Bxc4 e6 6. O-O Nbd7 7. h3 Bh5 8. b3
Be7 9. Bb2 O-O 10. Be2 c5 11. Nc3 Rc8 12. d5 exd5 13. Nxd5 Bd6 14. Nf4 Bxf3 15.
Bxf3 Qc7 16. Nd5 Nxd5 17. Qxd5 b6 18. Rad1 Be5 19. Bc1 Nf6 20. Qc4 Rfd8 21.
Rxd8+ Rxd8 22. Rd1 Rxd1+ 23. Bxd1 Qd7 24. Bc2 h6 25. a3 a5 26. Bd3 Qd6 27. Qc2
Nd5 28. Bd2 Bf6 29. Bc4 Nc7 30. a4 Ne6 31. Qd3 Qe5 32. Qd7 Nd8 33. f4 Qe4 34.
Kh2 Kf8 35. Qd6+ Be7 36. Qxb6 Nc6 37. Qb7 Qg6 38. Qc8+ Nd8 39. Bxa5 Bh4 40. Qg4
Qf6 41. g3 Nc6 42. gxh4 Nxa5 43. Qc8+ Ke7 44. Qxc5+ Ke8 45. Qxa5 Qb2+ 46. Kg3
Qc1 47. Qe5+ Kd8 48. Qd6+ 1-0

[Event "19. Open de Sants Hostafrancs 2017"]
[Site "Barcelona ESP"]
[Date "2017.08.22"]
[Round "5.33"]
[White "Haag, Gregor"]
[Black "Konguvel, Ponnuswamy"]
[Result "1/2-1/2"]
[WhiteElo "2252"]
[BlackElo "2383"]
[PlyCount "44"]
[EventDate "2017.08.18"]
[EventType "swiss"]
[EventRounds "10"]
[EventCountry "ESP"]
[SourceTitle "Ajedrez en Madrid"]
[Source "lmi"]
[SourceDate "2017.08.18"]

1. d4 Nf6 2. Nf3 g6 3. c4 Bg7 4. Nc3 d5 5. cxd5 Nxd5 6. e4 Nxc3 7. bxc3 c5 8.
Rb1 O-O 9. Be2 b6 10. O-O Qc7 11. Bg5 e6 12. Qd2 Bb7 13. Qe3 Nd7 14. Bf4 e5 15.
Bg3 cxd4 16. cxd4 exd4 17. Qxd4 Qxg3 18. Qxd7 Qb8 19. Ng5 Bc8 20. Qd5 Bb7 21.
Qd7 Bc8 22. Qd5 Bb7 1/2-1/2

[Event "19. Open de Sants Hostafrancs 2017"]
[Site "Barcelona ESP"]
[Date "2017.08.22"]
[Round "5.34"]
[White "Tsolakidou, Stavroula"]
[Black "Rodriguez Alvarez, Vidal"]
[Result "1/2-1/2"]
[WhiteElo "2366"]
[BlackElo "2224"]
[PlyCount "84"]
[EventDate "2017.08.18"]
[EventType "swiss"]
[EventRounds "10"]
[EventCountry "ESP"]
[SourceTitle "Ajedrez en Madrid"]
[Source "lmi"]
[SourceDate "2017.08.18"]

1. d4 Nf6 2. c4 e6 3. g3 Bb4+ 4. Bd2 Qe7 5. Bg2 Nc6 6. e3 e5 7. d5 Nb8 8. Ne2
a5 9. Nbc3 Na6 10. h3 Nc5 11. Qc2 h5 12. O-O-O d6 13. e4 Nh7 14. Be3 Bxc3 15.
Qxc3 b6 16. f4 f6 17. Bf3 Nf8 18. g4 h4 19. g5 Bd7 20. gxf6 gxf6 21. Bxc5 bxc5
22. Rdg1 Qh7 23. fxe5 fxe5 24. Kb1 a4 25. Rg5 Rg8 26. Rxg8 Qxg8 27. Bh5+ Kd8
28. Qf3 Kc8 29. Rg1 Qh8 30. Bg4 Kb7 31. Bxd7 Nxd7 32. Qf7 Nb6 33. Rg7 Rc8 34.
Rh7 Qf8 35. Qxf8 Rxf8 36. b3 axb3 37. axb3 Rf3 38. Kc2 Rxh3 39. Nc3 Rh2+ 40.
Kb1 Rh3 41. Kc2 Rh2+ 42. Kb1 Rh3 1/2-1/2

[Event "19. Open de Sants Hostafrancs 2017"]
[Site "Barcelona ESP"]
[Date "2017.08.22"]
[Round "5.35"]
[White "Groetzbach, Julian"]
[Black "Haug, Johannes"]
[Result "1-0"]
[WhiteElo "2251"]
[BlackElo "2362"]
[PlyCount "82"]
[EventDate "2017.08.18"]
[EventType "swiss"]
[EventRounds "10"]
[EventCountry "ESP"]
[SourceTitle "Ajedrez en Madrid"]
[Source "lmi"]
[SourceDate "2017.08.18"]

1. e4 c6 2. d4 d5 3. Nc3 dxe4 4. Nxe4 Bf5 5. Ng3 Bg6 6. Nh3 Nd7 7. Bc4 e6 8.
Nf4 Bd6 9. Ngh5 Bxh5 10. Nxh5 g6 11. Ng3 Ngf6 12. Qf3 h5 13. Bg5 Qa5+ 14. Bd2
Qb6 15. O-O-O Qxd4 16. Bg5 Qxc4 17. Rxd6 Qg4 18. Qe3 Nd5 19. Qd2 Qa4 20. Kb1 h4
21. b3 Qb4 22. Qxb4 Nxb4 23. Ne4 b5 24. Rhd1 Nd5 25. c4 bxc4 26. bxc4 Rb8+ 27.
Kc1 Rc8 28. cxd5 cxd5+ 29. Kb1 Nb6 30. Rxb6 axb6 31. Nd6+ Kd7 32. Nxc8 Kxc8 33.
h3 Rh5 34. Be3 Kb7 35. Kc2 Kc6 36. Kd3 e5 37. Bc1 Kb5 38. f4 d4 39. Bd2 exf4
40. Bxf4 Rf5 41. Ke4 Kc6 1-0

[Event "19. Open de Sants Hostafrancs 2017"]
[Site "Barcelona ESP"]
[Date "2017.08.22"]
[Round "5.36"]
[White "Chueca Forcen, Alberto"]
[Black "Laustsen, Lars"]
[Result "1/2-1/2"]
[WhiteElo "2361"]
[BlackElo "2204"]
[PlyCount "115"]
[EventDate "2017.08.18"]
[EventType "swiss"]
[EventRounds "10"]
[EventCountry "ESP"]
[SourceTitle "Ajedrez en Madrid"]
[Source "lmi"]
[SourceDate "2017.08.18"]

1. d4 d5 2. Bf4 Nf6 3. e3 c5 4. c3 Nc6 5. Nd2 Bf5 6. Qb3 Qd7 7. Ngf3 c4 8. Qd1
e6 9. Be2 h6 10. h3 Bd6 11. Be5 Bxe5 12. Nxe5 Nxe5 13. dxe5 Ne4 14. Nxe4 Bxe4
15. O-O O-O 16. Bxc4 Qc7 17. Bd3 Qxe5 18. Bxe4 Qxe4 19. Qb3 Rab8 20. Rfd1 Rfc8
21. Rd4 Qe5 22. Rad1 Rc7 23. Qb5 Qd6 24. e4 Qc6 25. Qe2 dxe4 26. Rxe4 Rd7 27.
Rxd7 Qxd7 28. Rd4 Qc6 29. Qe5 Rc8 30. Rg4 g6 31. Rd4 Qb6 32. Rb4 Qc7 33. Qxc7
Rxc7 34. Rd4 h5 35. Rd8+ Kg7 36. Kf1 g5 37. Ke2 Kf6 38. Ke3 h4 39. f4 gxf4+ 40.
Kxf4 Rc4+ 41. Kf3 a5 42. Rd4 Rc5 43. Rxh4 b5 44. Rf4+ Ke7 45. Ke3 a4 46. Kd3 e5
47. Rf2 Ke6 48. g4 Rd5+ 49. Kc2 Rd8 50. Re2 Rh8 51. Re3 f5 52. gxf5+ Kxf5 53.
b3 Kf4 54. Kd3 axb3 55. axb3 Rd8+ 56. Ke2 e4 57. h4 Ra8 58. Rh3 1/2-1/2

[Event "19. Open de Sants Hostafrancs 2017"]
[Site "Barcelona ESP"]
[Date "2017.08.22"]
[Round "5.38"]
[White "Plazuelo Pascual, Juan"]
[Black "Vergara Jofre, Felipe"]
[Result "1/2-1/2"]
[WhiteElo "2356"]
[BlackElo "2119"]
[PlyCount "53"]
[EventDate "2017.08.18"]
[EventType "swiss"]
[EventRounds "10"]
[EventCountry "ESP"]
[SourceTitle "Ajedrez en Madrid"]
[Source "lmi"]
[SourceDate "2017.08.18"]

1. d4 Nf6 2. Nf3 e6 3. e3 c5 4. Bd3 d5 5. b3 b6 6. O-O Bb7 7. Bb2 Nc6 8. Nbd2
Be7 9. c4 cxd4 10. exd4 O-O 11. Rc1 Rc8 12. Qe2 Rc7 13. a3 dxc4 14. bxc4 Na5
15. Ne5 Qa8 16. f4 a6 17. Rfe1 Bd6 18. f5 exf5 19. Bxf5 Re8 20. Qf2 Rce7 21.
Bd3 Qd8 22. Ndf3 Bxf3 23. Nxf3 Bf4 24. d5 Be3 25. Rxe3 Rxe3 26. Rd1 Nb3 27. Ng5
1/2-1/2

[Event "19. Open de Sants Hostafrancs 2017"]
[Site "Barcelona ESP"]
[Date "2017.08.22"]
[Round "5.39"]
[White "Rivalin, Kenny"]
[Black "Stephan, Victor"]
[Result "1/2-1/2"]
[WhiteElo "2074"]
[BlackElo "2350"]
[PlyCount "87"]
[EventDate "2017.08.18"]
[EventType "swiss"]
[EventRounds "10"]
[EventCountry "ESP"]
[SourceTitle "Ajedrez en Madrid"]
[Source "lmi"]
[SourceDate "2017.08.18"]

1. e4 c5 2. Nf3 Nf6 3. Nc3 d6 4. d4 cxd4 5. Nxd4 a6 6. f3 e6 7. Be3 b5 8. Qd2
Nbd7 9. g4 Nb6 10. a4 Nc4 11. Bxc4 bxc4 12. g5 Nd7 13. f4 Bb7 14. f5 Nc5 15.
fxe6 fxe6 16. Qg2 Qe7 17. Nde2 g6 18. Bxc5 dxc5 19. O-O-O Bg7 20. Rhf1 Rd8 21.
Rxd8+ Kxd8 22. Rd1+ Kc8 23. Qg4 Kb8 24. h4 Be5 25. h5 Ka8 26. Rh1 Rb8 27. hxg6
hxg6 28. Rh6 Qf7 29. Qh3 Bc6 30. Rh7 Qf8 31. Kb1 Qd8 32. Qxe6 Qb6 33. Kc1 Qxb2+
34. Kd2 Bxc3+ 35. Nxc3 Rd8+ 36. Nd5 c3+ 37. Ke3 Qc1+ 38. Kf3 Rf8+ 39. Nf6 Qf1+
40. Kg3 Qe1+ 41. Kf3 Qf1+ 42. Kg3 Qe1+ 43. Kf3 Qf1+ 44. Kg3 1/2-1/2

[Event "19. Open de Sants Hostafrancs 2017"]
[Site "Barcelona ESP"]
[Date "2017.08.22"]
[Round "5.40"]
[White "Pogorelov, Ruslan"]
[Black "Purushothaman, Thirumalai"]
[Result "1-0"]
[WhiteElo "2348"]
[BlackElo "2005"]
[PlyCount "113"]
[EventDate "2017.08.18"]
[EventType "swiss"]
[EventRounds "10"]
[EventCountry "ESP"]
[SourceTitle "Ajedrez en Madrid"]
[Source "lmi"]
[SourceDate "2017.08.18"]

1. c4 c5 2. Nf3 Nf6 3. Nc3 d5 4. cxd5 Nxd5 5. d4 Nxc3 6. bxc3 g6 7. e3 Bg7 8.
Bb5+ Bd7 9. a4 O-O 10. O-O cxd4 11. cxd4 Nc6 12. Rb1 Bf5 13. Bd3 Bxd3 14. Qxd3
Qd7 15. Qb5 Rab8 16. d5 Ne5 17. Qxd7 Nxd7 18. Ba3 Rfe8 19. Rfc1 Nb6 20. Rc7
Nxd5 21. Rcxb7 Rxb7 22. Rxb7 a6 23. g3 Rc8 24. Bxe7 Rc1+ 25. Kg2 Nxe7 26. Rxe7
Ra1 27. Ra7 Rxa4 28. Ng5 Ra2 29. Ra8+ Bf8 30. Nxh7 Kxh7 31. Rxf8 Kg7 32. Ra8 a5
33. g4 a4 34. h4 a3 35. Ra5 Ra1 36. h5 gxh5 37. Rxh5 Ra2 38. Ra5 Ra1 39. Kg3
Ra2 40. Ra6 Ra1 41. e4 Ra2 42. e5 Ra1 43. Kf4 Ra2 44. f3 Ra1 45. Kf5 a2 46. f4
Kh7 47. Kg5 Kg7 48. Ra7 Kg8 49. f5 Re1 50. Rxa2 Rxe5 51. Kh6 Re8 52. f6 Kh8 53.
Ra7 Kg8 54. g5 Rb8 55. g6 Rf8 56. Re7 Ra8 57. gxf7+ 1-0

[Event "19. Open de Sants Hostafrancs 2017"]
[Site "Barcelona ESP"]
[Date "2017.08.22"]
[Round "5.41"]
[White "Wang, Jiaqi"]
[Black "Povill Claros, Xavier"]
[Result "1-0"]
[WhiteElo "2033"]
[BlackElo "2337"]
[PlyCount "75"]
[EventDate "2017.08.18"]
[EventType "swiss"]
[EventRounds "10"]
[EventCountry "ESP"]
[SourceTitle "Ajedrez en Madrid"]
[Source "lmi"]
[SourceDate "2017.08.18"]

1. d4 f5 2. c4 Nf6 3. Nc3 e6 4. Nf3 Bb4 5. Bd2 c5 6. e3 b6 7. a3 Bxc3 8. Bxc3
O-O 9. Bd3 Ne4 10. Qc2 Bb7 11. Rd1 d6 12. b3 Nxc3 13. Qxc3 Qf6 14. Be2 Nc6 15.
O-O Rad8 16. b4 Rc8 17. Qb3 Rc7 18. Rd2 cxb4 19. axb4 Nb8 20. Ra1 a6 21. Ne1
Rfc8 22. Rc1 g5 23. Rdc2 Nd7 24. Bf3 Bxf3 25. Nxf3 g4 26. Ne1 h5 27. Nd3 Qf7
28. c5 dxc5 29. dxc5 b5 30. Nf4 Rc6 31. Rd1 Ne5 32. Rcd2 h4 33. Qb2 Qg7 34. Nh5
Qc7 35. Rd7 Qb8 36. Nf6+ Kf8 37. Rh7 g3 38. Nd7+ 1-0

[Event "19. Open de Sants Hostafrancs 2017"]
[Site "Barcelona ESP"]
[Date "2017.08.22"]
[Round "5.42"]
[White "Visser, Henk-jan"]
[Black "Moussard, Jules"]
[Result "0-1"]
[WhiteElo "2247"]
[BlackElo "2571"]
[PlyCount "94"]
[EventDate "2017.08.18"]
[EventType "swiss"]
[EventRounds "10"]
[EventCountry "ESP"]
[SourceTitle "Ajedrez en Madrid"]
[Source "lmi"]
[SourceDate "2017.08.18"]

1. e4 g6 2. d4 Bg7 3. Nc3 d6 4. Be3 c6 5. a4 Qa5 6. Nf3 Nf6 7. Nd2 Ng4 8. Nc4
Nxe3 9. Nxa5 Nxd1 10. Rxd1 O-O 11. Bc4 b6 12. Nb3 a6 13. O-O Nd7 14. Rfe1 b5
15. Bf1 b4 16. Nb1 a5 17. N1d2 Nb6 18. Nc4 Nxc4 19. Bxc4 Bd7 20. h3 Rfd8 21.
Rd3 Kf8 22. Nd2 Rac8 23. Bb3 c5 24. Rf3 Be8 25. dxc5 Rxc5 26. Nc4 Rdc8 27. Nb6
Rd8 28. Nd5 Bxb2 29. Nf4 Bf6 30. g4 Rdc8 31. Nd5 Bg5 32. e5 Bc6 33. Rxf7+ Kxf7
34. Nb6+ Kg7 35. Nxc8 dxe5 36. Nb6 Bf4 37. Rd1 Be4 38. Nc4 Kh6 39. Nd2 Bxc2 40.
Bxc2 Rxc2 41. Nb3 e4 42. Nd4 Ra2 43. Ne6 g5 44. Rd5 b3 45. Rb5 e3 46. Rb6 Bd6
47. Rxb3 Ra1+ 0-1

[Event "19. Open de Sants Hostafrancs 2017"]
[Site "Barcelona ESP"]
[Date "2017.08.22"]
[Round "5.43"]
[White "Ventura Bolet, Maxim"]
[Black "Schroeder, Jan-christian"]
[Result "0-1"]
[WhiteElo "2228"]
[BlackElo "2539"]
[PlyCount "86"]
[EventDate "2017.08.18"]
[EventType "swiss"]
[EventRounds "10"]
[EventCountry "ESP"]
[SourceTitle "Ajedrez en Madrid"]
[Source "lmi"]
[SourceDate "2017.08.18"]

1. Nf3 d5 2. e3 Nf6 3. c4 e6 4. b3 b6 5. Bb2 Bb7 6. Nc3 Nbd7 7. cxd5 exd5 8. d4
Bd6 9. g3 O-O 10. Bg2 Ba6 11. Bf1 Bxf1 12. Kxf1 c6 13. Kg2 Qe7 14. Qc2 Rac8 15.
Rhd1 Rfe8 16. Rac1 Qe6 17. a3 Ne4 18. Qe2 Ndf6 19. Rc2 Nxf2 20. Qxf2 Ng4 21.
Qe2 Nxe3+ 22. Kg1 Qg6 23. Rcd2 Bxg3 24. hxg3 Qxg3+ 25. Kh1 Nxd1 26. Qxd1 Re3
27. Ng1 Re1 28. Rg2 Qh3+ 29. Rh2 Rxd1 30. Rxh3 Rxd4 31. Nf3 Rd3 32. Rg3 Re8 33.
Na4 g6 34. Kg2 Re2+ 35. Kf1 Ree3 36. Kf2 Rxb3 37. Bd4 Red3 38. Nb2 Rxd4 39.
Nxd4 Rxb2+ 40. Kf1 c5 41. Nc6 d4 42. Nxa7 c4 43. Nc6 c3 0-1

[Event "19. Open de Sants Hostafrancs 2017"]
[Site "Barcelona ESP"]
[Date "2017.08.22"]
[Round "5.45"]
[White "Rios, Cristhian Camilo"]
[Black "Ossa, Orlando"]
[Result "1-0"]
[WhiteElo "2475"]
[BlackElo "2240"]
[PlyCount "147"]
[EventDate "2017.08.18"]
[EventType "swiss"]
[EventRounds "10"]
[EventCountry "ESP"]
[SourceTitle "Ajedrez en Madrid"]
[Source "lmi"]
[SourceDate "2017.08.18"]

1. d4 Nf6 2. c4 g6 3. Nc3 Bg7 4. e4 d6 5. f4 O-O 6. Nf3 c5 7. d5 b5 8. e5 dxe5
9. fxe5 Ng4 10. Nxb5 Nxe5 11. Nxe5 Bxe5 12. Qf3 Nd7 13. Be2 a6 14. Nc3 Bd4 15.
Bf4 Qa5 16. Rc1 Nf6 17. h3 Bf5 18. Bd2 Qc7 19. b3 e5 20. Qg3 Rae8 21. Rf1 Kh8
22. Bg4 Qd7 23. Qh4 e4 24. Bxf5 gxf5 25. Bg5 Ng8 26. Ne2 f6 27. Bd2 Be5 28. Be3
Ne7 29. Kf2 Rg8 30. Kg1 f4 31. Bxf4 Nf5 32. Qh5 Bxf4 33. Nxf4 Ng3 34. Qh6 Qf5
35. Ne6 Ne2+ 36. Kh1 Ng3+ 37. Kg1 Ne2+ 38. Kh1 Qe5 39. Rce1 Ng3+ 40. Kg1 Nxf1
41. Rxf1 Rg6 42. Qf4 Reg8 43. Rf2 Qa1+ 44. Kh2 Qe1 45. g4 e3 46. Rg2 h5 47. Qf5
Qh4 48. g5 fxg5 49. Nf8 R6g7 50. Ne6 g4 51. Nxg7 Qxh3+ 52. Kg1 Kxg7 53. Qe5+
Kg6 54. Qd6+ Kg7 55. Rg3 Qh4 56. Rxe3 Rf8 57. Re7+ Rf7 58. Qe5+ Qf6 59. Rxf7+
Kxf7 60. Qxh5+ Ke7 61. Qxg4 Qa1+ 62. Kf2 Kf6 63. Qe6+ Kg5 64. Qe3+ Kf5 65. Qd2
Qf6 66. Ke2 Qe5+ 67. Kd1 Qa1+ 68. Qc1 Qd4+ 69. Kc2 Kg6 70. Qd1 Qe5 71. d6 Kg7
72. d7 Qf5+ 73. Qd3 Qf2+ 74. Kb1 1-0

[Event "19. Open de Sants Hostafrancs 2017"]
[Site "Barcelona ESP"]
[Date "2017.08.22"]
[Round "5.46"]
[White "Raahul, V S."]
[Black "Christiansen, Johan-sebastian"]
[Result "0-1"]
[WhiteElo "2224"]
[BlackElo "2475"]
[PlyCount "64"]
[EventDate "2017.08.18"]
[EventType "swiss"]
[EventRounds "10"]
[EventCountry "ESP"]
[SourceTitle "Ajedrez en Madrid"]
[Source "lmi"]
[SourceDate "2017.08.18"]

1. c4 e6 2. Nf3 d5 3. g3 dxc4 4. Bg2 Nf6 5. Qa4+ Nbd7 6. Qxc4 a6 7. Qc2 Rb8 8.
d3 Bd6 9. O-O c5 10. d4 Qe7 11. Nc3 b5 12. dxc5 Bxc5 13. Bf4 Bd6 14. Bxd6 Qxd6
15. Rfd1 Qb6 16. Ng5 O-O 17. Nce4 h6 18. Rd6 Qa5 19. Nxf6+ Nxf6 20. Ne4 Nd5 21.
a3 b4 22. a4 b3 23. Qd2 Qc7 24. Rc1 Qe7 25. Rdc6 Bb7 26. R6c4 Rfd8 27. Qa5 Ba8
28. Nc5 Nb6 29. Rb4 Bxg2 30. Kxg2 Qg5 31. Nxb3 Nd5 32. Rxb8 Rxb8 0-1

[Event "19. Open de Sants Hostafrancs 2017"]
[Site "Barcelona ESP"]
[Date "2017.08.22"]
[Round "5.47"]
[White "Gonzalez Acosta, Bernal"]
[Black "Jimenez Garcia, Emmanuel"]
[Result "1/2-1/2"]
[WhiteElo "2467"]
[BlackElo "2219"]
[PlyCount "44"]
[EventDate "2017.08.18"]
[EventType "swiss"]
[EventRounds "10"]
[EventCountry "ESP"]
[SourceTitle "Ajedrez en Madrid"]
[Source "lmi"]
[SourceDate "2017.08.18"]

1. c4 c5 2. Nc3 Nf6 3. g3 Nc6 4. Bg2 g6 5. Nf3 Bg7 6. O-O O-O 7. d4 cxd4 8.
Nxd4 Nxd4 9. Qxd4 d6 10. Qd2 Be6 11. b3 d5 12. Nxd5 Nxd5 13. cxd5 Bxa1 14. dxe6
fxe6 15. Bxb7 Qxd2 16. Bxd2 Rae8 17. Bf4 Bb2 18. Be4 Rf7 19. Bh6 Bg7 20. Be3
Be5 21. Bh6 Bg7 22. Be3 Be5 1/2-1/2

[Event "19. Open de Sants Hostafrancs 2017"]
[Site "Barcelona ESP"]
[Date "2017.08.22"]
[Round "5.48"]
[White "Ramondino, Renzo"]
[Black "Collins, Sam E"]
[Result "0-1"]
[WhiteElo "2179"]
[BlackElo "2443"]
[PlyCount "102"]
[EventDate "2017.08.18"]
[EventType "swiss"]
[EventRounds "10"]
[EventCountry "ESP"]
[SourceTitle "Ajedrez en Madrid"]
[Source "lmi"]
[SourceDate "2017.08.18"]

1. e4 e5 2. Nf3 Nc6 3. Bb5 a6 4. Ba4 Nf6 5. Qe2 b5 6. Bb3 Be7 7. c3 O-O 8. d3
d6 9. h3 Na5 10. Bc2 c5 11. Nbd2 Nc6 12. Nf1 d5 13. Ng3 d4 14. O-O Re8 15. c4
Bf8 16. b3 g6 17. Nh2 Bg7 18. f4 exf4 19. Bxf4 Nd7 20. Qd2 Nde5 21. Rae1 Qa5
22. Qf2 Ra7 23. Nf3 Nxf3+ 24. Qxf3 Qxa2 25. Bd1 Ne5 26. Bxe5 Bxe5 27. Nf5 Be6
28. Re2 Qa5 29. Nh6+ Kg7 30. Ng4 Bxg4 31. Qxg4 Qd8 32. Ra2 Ree7 33. g3 Bb8 34.
h4 Qd6 35. Rg2 h5 36. Qc8 Rad7 37. b4 Rd8 38. bxc5 Rxc8 39. cxd6 Bxd6 40. cxb5
axb5 41. g4 hxg4 42. Bxg4 Rc3 43. Rd1 Kh6 44. h5 gxh5 45. Bf5 Rec7 46. Ra2 Ba3
47. Kg2 b4 48. Kf3 Rc1 49. Rdd2 Ra7 50. Rdb2 Ra5 51. Kf4 b3 0-1

[Event "19. Open de Sants Hostafrancs 2017"]
[Site "Barcelona ESP"]
[Date "2017.08.22"]
[Round "5.49"]
[White "Sundararajan, Kidambi"]
[Black "Addison, Bret C"]
[Result "1-0"]
[WhiteElo "2422"]
[BlackElo "2219"]
[PlyCount "127"]
[EventDate "2017.08.18"]
[EventType "swiss"]
[EventRounds "10"]
[EventCountry "ESP"]
[SourceTitle "Ajedrez en Madrid"]
[Source "lmi"]
[SourceDate "2017.08.18"]

1. Nf3 d5 2. e3 c6 3. c4 g6 4. Nc3 Bg7 5. d4 Nf6 6. Be2 O-O 7. O-O a6 8. b3 Ne4
9. Bb2 Nxc3 10. Bxc3 Nd7 11. Rc1 b6 12. a4 Bb7 13. cxd5 cxd5 14. Bd3 Re8 15.
Rc2 e5 16. dxe5 Nxe5 17. Nxe5 Bxe5 18. Bxe5 Rxe5 19. Be2 Qd6 20. Bf3 Qb4 21.
Rc7 Re7 22. Qc2 Rd8 23. Rd1 Rdd7 24. Rxd7 Rxd7 25. h3 Qc5 26. Qb2 a5 27. Qe5
Qe7 28. Qf4 Qd6 29. Qd4 Qc5 30. Qf4 Qe7 31. Rd4 Qe6 32. Qg5 Qe7 33. Qxe7 Rxe7
34. Bxd5 Bxd5 35. Rxd5 Re6 36. g4 h6 37. Kg2 Kg7 38. h4 Rc6 39. Kg3 Kf6 40. Rb5
Ke6 41. h5 g5 42. Kf3 f6 43. Ke4 Rd6 44. f3 Rc6 45. f4 Rd6 46. fxg5 fxg5 47.
Re5+ Kf6 48. Rd5 Rc6 49. Rd7 Re6+ 50. Kd4 Rc6 51. Rh7 Rd6+ 52. Ke4 Re6+ 53. Kd5
Rxe3 54. Rxh6+ Kf7 55. Rxb6 Rg3 56. Ke5 Rxg4 57. Rb7+ Kg8 58. Kf5 Rd4 59. Kxg5
Rd5+ 60. Kg4 Rd4+ 61. Kf3 Rh4 62. Rb5 Kh7 63. Ke2 Kh6 64. Rxa5 1-0

[Event "19. Open de Sants Hostafrancs 2017"]
[Site "Barcelona ESP"]
[Date "2017.08.22"]
[Round "5.50"]
[White "Valdes Romero, Leonardo"]
[Black "Serarols Mabras, Bernat"]
[Result "1-0"]
[WhiteElo "2415"]
[BlackElo "2218"]
[PlyCount "47"]
[EventDate "2017.08.18"]
[EventType "swiss"]
[EventRounds "10"]
[EventCountry "ESP"]
[SourceTitle "Ajedrez en Madrid"]
[Source "lmi"]
[SourceDate "2017.08.18"]

1. Nf3 d5 2. g3 Bg4 3. Bg2 Nd7 4. d4 e6 5. O-O Ngf6 6. c4 c6 7. Qb3 Qb6 8. c5
Qa6 9. Bf4 b6 10. cxb6 axb6 11. Rc1 c5 12. Nc3 c4 13. Qb5 Qxb5 14. Nxb5 Ra5 15.
a4 Bb4 16. b3 O-O 17. bxc4 Rfa8 18. Nc7 R8a7 19. cxd5 Nxd5 20. Nxd5 exd5 21.
Ne5 Nxe5 22. Bxe5 Bxe2 23. Rc8+ Bf8 24. Re1 1-0

[Event "19. Open de Sants Hostafrancs 2017"]
[Site "Barcelona ESP"]
[Date "2017.08.23"]
[Round "6.1"]
[White "Svetushkin, Dmitry"]
[Black "Jumabayev, Rinat"]
[Result "0-1"]
[WhiteElo "2558"]
[BlackElo "2610"]
[PlyCount "74"]
[EventDate "2017.08.18"]
[EventType "swiss"]
[EventRounds "10"]
[EventCountry "ESP"]
[SourceTitle "Ajedrez en Madrid"]
[Source "lmi"]
[SourceDate "2017.08.18"]

1. e4 c5 2. Nf3 d6 3. Bb5+ Nd7 4. c3 Ngf6 5. Bd3 a6 6. Bc2 b5 7. d4 e6 8. O-O
Bb7 9. Re1 Be7 10. Nbd2 Qb6 11. e5 Nd5 12. Ne4 dxe5 13. dxe5 h6 14. a4 Rd8 15.
Qe2 c4 16. Nd4 Nxe5 17. Qh5 Nd7 18. a5 N5f6 19. Nxf6+ Nxf6 20. axb6 Nxh5 21.
Nxe6 fxe6 22. Bg6+ Kd7 23. Bxh5 Bc5 24. Bg4 Rde8 25. Bh5 Ra8 26. Bf4 Rhf8 27.
Rad1+ Ke7 28. Bg3 Rad8 29. Rxd8 Rxd8 30. Bg4 Bd5 31. Bc7 Rf8 32. Re2 Bd6 33. f4
Bxf4 34. Bxf4 Rxf4 35. Bh5 Kd6 36. Re3 Kc6 37. Bf3 Bxf3 0-1

[Event "19. Open de Sants Hostafrancs 2017"]
[Site "Barcelona ESP"]
[Date "2017.08.23"]
[Round "6.2"]
[White "Goh, Wei Ming Kevin"]
[Black "Agdestein, Simen"]
[Result "1/2-1/2"]
[WhiteElo "2446"]
[BlackElo "2604"]
[PlyCount "121"]
[EventDate "2017.08.18"]
[EventType "swiss"]
[EventRounds "10"]
[EventCountry "ESP"]
[SourceTitle "Ajedrez en Madrid"]
[Source "lmi"]
[SourceDate "2017.08.18"]

1. d4 d5 2. Bf4 Nf6 3. e3 e6 4. Nd2 Bd6 5. Bg3 O-O 6. Ngf3 c5 7. c3 Nc6 8. Bb5
Ne7 9. Bd3 c4 10. Bc2 b5 11. e4 dxe4 12. Nxe4 Nxe4 13. Bxe4 Nd5 14. a4 b4 15.
Qc2 h6 16. Nd2 Bxg3 17. hxg3 Bb7 18. Nxc4 bxc3 19. bxc3 Rc8 20. Bxd5 Qxd5 21.
Ne3 Qa5 22. Ra3 Rfd8 23. Qd2 e5 24. Rh5 f6 25. Qb2 Be4 26. dxe5 Rd3 27. Kf1 Bg6
28. Rh4 Qxe5 29. Rd4 Rcxc3 30. Rxd3 Bxd3+ 31. Kg1 Rxa3 32. Qxa3 Qd4 33. a5 Kh7
34. Kh2 h5 35. Qe7 a6 36. Qe6 Qe5 37. Qd7 Be4 38. Qd2 h4 39. Nf1 Bg6 40. Kg1
hxg3 41. Nxg3 Qa1+ 42. Kh2 Qa3 43. Qd5 Qd3 44. Qe6 Qb5 45. Qh3+ Kg8 46. Qe6+
Bf7 47. Qc8+ Be8 48. f4 Qc6 49. Qd8 Kh7 50. Qe7 Qd7 51. Qxd7 Bxd7 52. Ne4 Kg6
53. Kg3 Kf7 54. Kf2 Ke7 55. Ke3 Bc6 56. Nc5 Bxg2 57. Nxa6 Kd6 58. Kd4 g5 59.
fxg5 fxg5 60. Nc5 g4 61. Ne4+ 1/2-1/2

[Event "19. Open de Sants Hostafrancs 2017"]
[Site "Barcelona ESP"]
[Date "2017.08.23"]
[Round "6.3"]
[White "Erdogdu, Mert"]
[Black "Grigoryan, Karen H"]
[Result "1/2-1/2"]
[WhiteElo "2415"]
[BlackElo "2570"]
[PlyCount "155"]
[EventDate "2017.08.18"]
[EventType "swiss"]
[EventRounds "10"]
[EventCountry "ESP"]
[SourceTitle "Ajedrez en Madrid"]
[Source "lmi"]
[SourceDate "2017.08.18"]

1. c4 e5 2. Nc3 Nf6 3. g3 Bb4 4. Bg2 O-O 5. e4 Bxc3 6. bxc3 c6 7. Ne2 d5 8.
cxd5 cxd5 9. exd5 Nxd5 10. O-O Nc6 11. h3 Be6 12. d4 Qa5 13. Bd2 exd4 14. cxd4
Qd8 15. Kh2 Qd7 16. a4 Rad8 17. a5 Nde7 18. Re1 Bd5 19. f3 Bc4 20. Qa4 Bxe2 21.
Rxe2 Nxd4 22. Rf2 Nec6 23. f4 Rfe8 24. Qc4 a6 25. Re1 h5 26. Rxe8+ Qxe8 27. Qc3
Qe6 28. Qb2 Qb3 29. Bc3 Qxb2 30. Rxb2 Nb5 31. Bxc6 bxc6 32. Bb4 Rd4 33. Bc5 Ra4
34. Bb6 c5 35. Bxc5 Rxa5 36. Rd2 Ra4 37. f5 Nc3 38. Rd8+ Kh7 39. Bb6 Ne4 40.
Bc7 Ra2+ 41. Kg1 Ng5 42. h4 Nh3+ 43. Kh1 Nf2+ 44. Kg1 Ng4 45. Bf4 a5 46. Rd7 f6
47. Ra7 Nh6 48. Bxh6 Kxh6 49. Ra6 a4 50. Kf1 a3 51. Kg1 Kh7 52. Ra8 g6 53. Ra7+
Kh6 54. Ra6 gxf5 55. Rxf6+ Kg7 56. Ra6 Kf7 57. Kf1 Ke7 58. Ke1 Kf7 59. Kf1 Ke7
60. Ke1 Kd7 61. Kd1 Ra1+ 62. Kc2 a2 63. Kb3 Rg1 64. Rxa2 Rxg3+ 65. Kc4 Ke6 66.
Kd4 Rg4+ 67. Ke3 Rxh4 68. Ra8 Rh1 69. Kf4 Rf1+ 70. Kg3 Rg1+ 71. Kf3 h4 72. Rh8
Rg3+ 73. Kf4 Rg4+ 74. Kf3 Ra4 75. Re8+ Kf7 76. Rh8 Kg7 77. Rh5 Kf6 78. Rh8
1/2-1/2